BIBLIOTECA PODER JUDICIAL
Portal Judicial TDF

El contrato de larga duración como categoría contractual / (Registro nro. 5331)

000 -LEADER
fixed length control field 01617nab a22003137a 4500
003 - CONTROL NUMBER IDENTIFIER
control field OSt
005 - DATE AND TIME OF LATEST TRANSACTION
control field 20250221114144.0
008 - FIXED-LENGTH DATA ELEMENTS--GENERAL INFORMATION
fixed length control field 190603e xxum|||| |||| 00| 0 spa d
040 ## - CATALOGING SOURCE
Transcribing agency PJ-TDF
100 ## - MAIN ENTRY--PERSONAL NAME
9 (RLIN) 6269
Personal name Arias Cáu, Esteban Javier
245 13 - TITLE STATEMENT
Title El contrato de larga duración como categoría contractual /
Statement of responsibility, etc Esteban Javier Arias Cáu.
260 ## - PUBLICATION, DISTRIBUTION, ETC. (IMPRINT)
Date of publication, distribution, etc Ciudad Autónoma de Buenos Aires :
Place of publication, distribution, etc Thomson Reuters La Ley,
Name of publisher, distributor, etc 2024.
300 ## - PHYSICAL DESCRIPTION
Extent p. 127-141
500 ## - GENERAL NOTE
General note Cita: TR LALEY AR/DOC/1987/2024.<br/><br/>Publicado en: R.C.C. y C. 2024 (Septiembre-Octubre). EDICIÓN ESPECIAL: XXIX Jornadas Nacionales de Derecho Civil.
505 ## - FORMATTED CONTENTS NOTE
Formatted contents note Sumario: I. Introducción.— II. El contrato como instrumento técnico.— III. Larga duración como nueva categoría contractual.— IV. Análisis de la regulación legal (art. 1011, Cód. Civ. y Com.).— V. Algunos contratos de duración en particular.— VI. Prospectiva.
505 ## - FORMATTED CONTENTS NOTE
Title ¿Te interesa el texto completo? Solicitalo al correo: koha@justierradelfuego.gov.ar
650 #0 - SUBJECT ADDED ENTRY--TOPICAL TERM
9 (RLIN) 3463
Topical term or geographic name as entry element CONTRATOS
650 #0 - SUBJECT ADDED ENTRY--TOPICAL TERM
9 (RLIN) 6051
Topical term or geographic name as entry element BUENA FE CONTRACTUAL
650 #0 - SUBJECT ADDED ENTRY--TOPICAL TERM
9 (RLIN) 6376
Topical term or geographic name as entry element RESCISION DEL CONTRATO
650 #0 - SUBJECT ADDED ENTRY--TOPICAL TERM
9 (RLIN) 4308
Topical term or geographic name as entry element CONTRATO DE AGENCIA
650 #0 - SUBJECT ADDED ENTRY--TOPICAL TERM
9 (RLIN) 3951
Topical term or geographic name as entry element DEBER DE INFORMACIÓN
650 #0 - SUBJECT ADDED ENTRY--TOPICAL TERM
9 (RLIN) 1606
Topical term or geographic name as entry element CONTRATO DE ADHESION
650 #0 - SUBJECT ADDED ENTRY--TOPICAL TERM
9 (RLIN) 234
Topical term or geographic name as entry element DERECHO COMPARADO
650 #0 - SUBJECT ADDED ENTRY--TOPICAL TERM
9 (RLIN) 200
Topical term or geographic name as entry element DECRETOS DE NECESIDAD Y URGENCIA
650 #0 - SUBJECT ADDED ENTRY--TOPICAL TERM
9 (RLIN) 3597
Topical term or geographic name as entry element LOCACIÓN DE INMUEBLES
653 ## - INDEX TERM--UNCONTROLLED
Uncontrolled term CONTRATO DE LARGA DURACION
773 0# - HOST ITEM ENTRY
Host Biblionumber 2713
Host Itemnumber 3170
Place, publisher, and date of publication Ciudad Autónoma de Buenos Aires : Thomson Reuters La Ley, 2015-
Title Revista Código Civil y Comercial. Nº 5 - Septiembre-Octubre 2024
942 ## - ADDED ENTRY ELEMENTS (KOHA)
Source of classification or shelving scheme
Koha item type Analítica Artículo de Revista

No hay ítems disponibles.

12 de Octubre 789 Ushuaia - Tel:  54(02901)441571
Horario de Atención: 8.00 a 17.00 hs. 
bibliotecaush@justierradelfuego.gov.ar
koha@justierradelfuego.gov.ar
Seguinos en nuestras redes @bibliojustdf 

Con tecnología Koha